|
|
|
|
| LEADER |
00000ny a22000003n 4500 |
| 005 |
2011051308288.0 |
| 008 |
091215s sp 000 eng d |
| 022 |
|
|
|a 1887-293X
|
| 035 |
|
|
|a 4765
|
| 040 |
|
|
|a BUS
|d vLex
|
| 090 |
|
|
|c 1855
|d 1855
|
| 245 |
0 |
0 |
|a Inteligencia y seguridad
|h [Recurso electrn̤ico]
|b revista de anl̀isis y prospectiva
|
| 256 |
|
|
|a Servicio en ln̕ea
|
| 260 |
|
|
|a [Madrid] :
|b Ct̀edra de Servicios de Inteligencia y Sistemas Democrt̀icos. Universidad Rey Juan Carlos ;
|a [Colmenarejo, Madrid] :
|b Instituto Juan Velz̀quez de Velasco de Investigacin̤ en Inteligencia para la Seguridad y la Defensa. Universidad Carlos III de Madrid
|
| 310 |
|
|
|a Semestral
|
| 506 |
1 |
|
|a Contenido solo disponible en los productos indicados
|d vLex Global
|d vLex Global (Academic Edition, excluding Law Schools)
|d vLex Global (U.S. Academic Edition, Law Schools)
|d vLex Global (U.S. Academic Edition, excluding Law Schools)
|d vLex Global (Academic Edition, Law Schools)
|
| 546 |
|
|
|a Textos en inglš y castellano
|
| 650 |
0 |
4 |
|a Seguridad nacional
|x Publicaciones perid̤icas
|
| 710 |
2 |
|
|a Universidad Carlos III.
|b Instituto Juan de Velasco de Investigacin̤ en Inteligencia para la Seguridad y la Defensa
|
| 710 |
2 |
|
|a Universidad Rey Juan Carlos I.
|b Ct̀edra Servicios de Inteligencia y Sistemas Democrt̀icos
|
| 740 |
0 |
|
|a vLex Revista (Servicios en ln̕ea)
|
| 843 |
|
|
|a Electrn̤ica. Abierta
|
| 853 |
|
|
|8 1
|i (year)
|j (month)
|k (day)
|
| 856 |
4 |
0 |
|z Acceso restringido
|u http://vlex.com/account/login_ip?fuente_id=4765
|
| 942 |
|
|
|c REV
|